| 000 | 01030cam a22003377a 4500 | ||
|---|---|---|---|
| 003 | CHAP | ||
| 005 | 20220817041654.0 | ||
| 008 | 971013s1994 r 00010 d | ||
| 010 | _a21209 | ||
| 011 | _a22181 | ||
| 035 | _a26274 | ||
| 040 | _cCHAP | ||
| 082 | 0 | 4 |
_a348.4 _bF3f v.51 |
| 110 | 2 | _aFAO | |
| 245 | 0 |
_aLégislation sur l'homologation des pesticides _c/par Giuseppe Barberis et Jean-Pierre Chiaradia-Bousquet |
|
| 260 |
_aRome : _bFAO, _c1994. |
||
| 300 | _a97 p. | ||
| 410 | _aFAO | ||
| 490 | 0 |
_aEstudios legislativos _v;51 |
|
| 590 |
_aBATCH-UPD _b10 _c20130110 _lUCH01 _h0159 |
||
| 590 |
_aBATCH-UPD _b10 _c20130110 _lUCH01 _h1905 |
||
| 590 |
_aCONVERSION _b10 _c20130109 _lUCH01 _h1313 |
||
| 650 | 1 | 4 |
_aPesticidas _xLeyes. _987561 |
| 700 | 0 |
_aBarberis, Giuseppe. _910106 |
|
| 700 | 0 | _aChiaradia Bousquet, Jean Pierre. | |
| 810 | 0 | _aFAO | |
| 830 | 0 | 0 |
_aEstudios legislativos _v;51 _938550 |
| 901 | _aBK | ||
| 942 | _cLIBRO | ||
| 949 |
_a348.4 F3f v.51 _bBC _cFAO _d33724000705513 _eFAO1 _h86791 _i26274 _kDonaciØn _st |
||
| 999 |
_c21209 _d21209 |
||